UM Logo
Normal view MARC view
  • Teaching as a profession

Entry Topical Term

Number of records used in: 1

001 - CONTROL NUMBER

  • control field: 40246

003 - CONTROL NUMBER IDENTIFIER

  • control field: OSt

005 - DATE AND TIME OF LATEST TRANSACTION

  • control field: 20191008113153.0

008 - FIXED-LENGTH DATA ELEMENTS

  • fixed length control field: 191008|| aca||aabn | a|a d

040 ## - CATALOGING SOURCE

  • Original cataloging agency: OSt
  • Transcribing agency: OSt

150 ## - HEADING--TOPICAL TERM

  • Topical term or geographic name entry element: Teaching as a profession

670 ## - SOURCE DATA FOUND

  • Source citation: Work cat.: (OSt): The teaching profession/, ©2018.